Between the palms : a collection of gay travel erotica /

Guardat en:
Dades bibliogràfiques
Autor principal: Luongo, Michael T. (Autor)
Format: Llibre
Idioma:anglès
Publicat: New York : Southern Tier Editions, 2004
Etiquetes: Afegir etiqueta
Sense etiquetes, Sigues el primer a etiquetar aquest registre!

MARC

LEADER 00000nam a22000007i 4500
001 IT\ICCU\UBO\2443038
003 ItRI
005 20260304141452.0
008 040513s2004 xxu|||||| ||||| |||||c
020 |a 1560234164 
040 |b ita  |c ct 
041 7 |a eng  |2 ISO-639-2 
100 1 |a Luongo, Michael T.  |0 IT\ICCU\UBOV\878074  |4 aut 
245 1 0 |a Between the palms :  |b a collection of gay travel erotica /  |c Michael T. Luongo. 
260 |a New York :  |b Southern Tier Editions,  |c 2004 
300 |a XI, 177 p. ;  |c 22 cm. 
942 |2 ddc  |c BK 
952 |0 0  |1 0  |2 ddc  |4 0  |6 B_LNR05LUOMIBET11  |7 0  |9 5344  |a MI  |b MI  |d 2005-08-24  |i 4730  |l 0  |o B-LNR05-LUOMI-BET11  |p CDOM4730  |r 2025-07-13 16:27:00  |w 2025-07-13  |x ACQUISTO  |y BK 
952 |0 0  |1 0  |4 0  |6 DOC_306_766000000000000_LUO  |7 0  |9 13903  |a BO  |b BO  |d 2026-01-15  |i 8133  |l 0  |o DOC 306.766 LUO  |p BO8133  |r 2026-01-15 23:18:33  |w 2026-01-15  |x [Sebina 5] [1 v.]  |y BK  |z 1 v. 
999 |c 4264  |d 4264